000
00306nam a2200121Ia 4500
008
220204s9999 xx 000 0 und d
082
_a
575.8
_b
LUL
100
_a
Lull, Richard Swann
245
0
_a
Organic evolution
260
_a
New Delhi
_b
Light and Life
_c
1957
650
_a
Organic evolution
942
_c
BK
999
_c
27363
_d
27363